000 00519nam a2200169Ia 4500
008 151021s9999 xx 000 0 und d
020 _a72354127
050 _aGV 211.M48 2002
245 _a_A History and philosophy of sport and physical education from Ancient civilizations to the modern world
260 _aUSA McGraw-Hill 2002
300 _axviii,379p.
500 _aIncludes index
500 _aIncludes index
650 _a_sports
700 _a_Steven G Estes
980 _a^d20130606 09:25:15^oanne
999 _c14050
_d14050